000 01232cam a22003377a 4500
003 CHAP
005 20220329142913.0
008 050127d2004 mx a r 00110 spa d
010 _a89445
011 _a90417
035 _a100973
040 _cCHAP
090 _aTesis
100 0 0 _aGutiérrez Salazar, Estrella Leticia.
_951830
245 1 0 _aSistema de base de datos para la identificación y control químico de malezas
_c/por Estrella Leticia Gutiérrrez Salazar
260 _aMontecilloo, Méx. :
_bEl autor,
_c2004.
300 _a65 h. :
_bilus.
502 _aTesis (M.C.) -- CP. Instituto de Socioeconomía, Estadística e Informática. Programa en Computo Aplicado
590 _aALEPH
_b10
_c20130110
_lUCH01
_h1503
590 _aBATCH-UPD
_b10
_c20130110
_lUCH01
_h0551
590 _aBATCH-UPD
_b10
_c20130410
_lUCH01
_h0232
590 _aBATCH-UPD
_b10
_c20130914
_lUCH01
_h1558
590 _aCONVERSION
_b10
_c20130109
_lUCH01
_h1350
650 1 4 _aHerbicidas.
_953691
650 1 4 _aMalas hierbas
_xControl.
_970011
650 1 4 _aProcesamiento automático de datos en agricultura.
_991751
901 _aBK
905 _aAlejandra Carrasco M.
942 _cTESIS
949 _aTesis
_bBC
_cTES
_d1009731
_eTS1
_h42797
_i100973
_sb
999 _c89445
_d89445